100 ideas to beautify yours home (Record no. 10619)
[ view plain ]
| 000 -LEADER | |
|---|---|
| fixed length control field | 00330nam a2200109 4500 |
| 003 - CONTROL NUMBER IDENTIFIER | |
| control field | OSt |
| 005 - DATE AND TIME OF LATEST TRANSACTION | |
| control field | 20220429160342.0 |
| 008 - FIXED-LENGTH DATA ELEMENTS--GENERAL INFORMATION | |
| fixed length control field | 220429b ||||| |||| 00| 0 eng d |
| 245 ## - TITLE STATEMENT | |
| Title | 100 ideas to beautify yours home |
| Remainder of title | super ways to transform the décor of every room |
| 260 ## - PUBLICATION, DISTRIBUTION, ETC. (IMPRINT) | |
| Place of publication, distribution, etc | London and New York |
| Name of publisher, distributor, etc | Marshall cavendish |
| 942 ## - ADDED ENTRY ELEMENTS (KOHA) | |
| Source of classification or shelving scheme | |
| Withdrawn status | Lost status | Source of classification or shelving scheme | Damaged status | Koha normalized classification for sorting | Not for loan | Permanent location | Current location | Date acquired | Full call number | Barcode | Date last seen | Price effective from | Non-public note | Koha item type | Public note |
|---|---|---|---|---|---|---|---|---|---|---|---|---|---|---|---|
| 747_022200000000000 | BMS College of Architecture, Design and Planning | BMS College of Architecture, Design and Planning | 2022-04-29 | 747.0222 | AR-DB325 | 2022-04-29 | 2022-04-29 | Donated by Raja Subramanyam, Architect and Engineer , VV Puram, Benagaluru | Donated Book | Donated by Raja Subramanyam, Architect and Engineer , VV Puram, Bengaluru |